<?xml version="1.0" encoding="UTF-8"?>
<record
    xmlns:xsi="http://www.w3.org/2001/XMLSchema-instance"
    xsi:schemaLocation="http://www.loc.gov/MARC21/slim http://www.loc.gov/standards/marcxml/schema/MARC21slim.xsd"
    xmlns="http://www.loc.gov/MARC21/slim">

  <leader>00344nam a2200145Ia 4500</leader>
  <controlfield tag="008">191201s2008    xx            000 0 und d</controlfield>
  <datafield tag="082" ind1=" " ind2=" ">
    <subfield code="a">005.133</subfield>
    <subfield code="b">SCC</subfield>
  </datafield>
  <datafield tag="100" ind1=" " ind2=" ">
    <subfield code="a">Schildt, Herbert</subfield>
  </datafield>
  <datafield tag="245" ind1=" " ind2="0">
    <subfield code="a">C++: the complete reference</subfield>
  </datafield>
  <datafield tag="250" ind1=" " ind2=" ">
    <subfield code="a">Rep.</subfield>
  </datafield>
  <datafield tag="260" ind1=" " ind2=" ">
    <subfield code="a">N.Delhi</subfield>
    <subfield code="b">TMH</subfield>
    <subfield code="c">2008</subfield>
  </datafield>
  <datafield tag="300" ind1=" " ind2=" ">
    <subfield code="a">1023</subfield>
  </datafield>
  <datafield tag="650" ind1=" " ind2=" ">
    <subfield code="a">B.Tech(CSE)</subfield>
  </datafield>
  <datafield tag="942" ind1=" " ind2=" ">
    <subfield code="2">ddc</subfield>
    <subfield code="c">BK</subfield>
    <subfield code="0">3</subfield>
  </datafield>
  <datafield tag="999" ind1=" " ind2=" ">
    <subfield code="c">3808</subfield>
    <subfield code="d">3808</subfield>
  </datafield>
  <datafield tag="952" ind1=" " ind2=" ">
    <subfield code="0">0</subfield>
    <subfield code="1">0</subfield>
    <subfield code="2">ddc</subfield>
    <subfield code="4">0</subfield>
    <subfield code="7">0</subfield>
    <subfield code="8">BTECHCSE</subfield>
    <subfield code="a">PIET</subfield>
    <subfield code="b">PIET</subfield>
    <subfield code="d">2009-02-25</subfield>
    <subfield code="e">J B C, New Delhi</subfield>
    <subfield code="g">475.00</subfield>
    <subfield code="k">SI-5590</subfield>
    <subfield code="l">1</subfield>
    <subfield code="o">005.133 SCC</subfield>
    <subfield code="p">11310</subfield>
    <subfield code="r">2020-01-20 00:00:00</subfield>
    <subfield code="s">2020-01-07</subfield>
    <subfield code="w">2009-02-06</subfield>
    <subfield code="y">BK</subfield>
  </datafield>
  <datafield tag="952" ind1=" " ind2=" ">
    <subfield code="0">0</subfield>
    <subfield code="1">0</subfield>
    <subfield code="2">ddc</subfield>
    <subfield code="4">0</subfield>
    <subfield code="7">0</subfield>
    <subfield code="8">BTECHCSE</subfield>
    <subfield code="a">PIET</subfield>
    <subfield code="b">PIET</subfield>
    <subfield code="d">2009-02-25</subfield>
    <subfield code="e">J B C, New Delhi</subfield>
    <subfield code="g">475.00</subfield>
    <subfield code="k">SI-5590</subfield>
    <subfield code="l">4</subfield>
    <subfield code="o">005.133 SCC</subfield>
    <subfield code="p">11311</subfield>
    <subfield code="r">2024-09-20 00:00:00</subfield>
    <subfield code="s">2024-09-06</subfield>
    <subfield code="w">2009-02-06</subfield>
    <subfield code="y">BK</subfield>
  </datafield>
  <datafield tag="952" ind1=" " ind2=" ">
    <subfield code="0">0</subfield>
    <subfield code="1">0</subfield>
    <subfield code="2">ddc</subfield>
    <subfield code="4">0</subfield>
    <subfield code="7">0</subfield>
    <subfield code="8">BTECHCSE</subfield>
    <subfield code="a">PIET</subfield>
    <subfield code="b">PIET</subfield>
    <subfield code="d">2009-02-25</subfield>
    <subfield code="e">J B C, New Delhi</subfield>
    <subfield code="g">475.00</subfield>
    <subfield code="k">SI-5590</subfield>
    <subfield code="l">4</subfield>
    <subfield code="o">005.133 SCC</subfield>
    <subfield code="p">11312</subfield>
    <subfield code="r">2023-11-06 00:00:00</subfield>
    <subfield code="s">2023-10-23</subfield>
    <subfield code="w">2009-02-06</subfield>
    <subfield code="y">BK</subfield>
  </datafield>
  <datafield tag="952" ind1=" " ind2=" ">
    <subfield code="0">0</subfield>
    <subfield code="1">0</subfield>
    <subfield code="2">ddc</subfield>
    <subfield code="4">0</subfield>
    <subfield code="7">0</subfield>
    <subfield code="8">BTECHCSE</subfield>
    <subfield code="a">PIET</subfield>
    <subfield code="b">PIET</subfield>
    <subfield code="d">2009-02-25</subfield>
    <subfield code="e">J B C, New Delhi</subfield>
    <subfield code="g">475.00</subfield>
    <subfield code="k">SI-5590</subfield>
    <subfield code="l">0</subfield>
    <subfield code="o">005.133 SCC</subfield>
    <subfield code="p">11313</subfield>
    <subfield code="r">2019-12-04 00:00:00</subfield>
    <subfield code="w">2009-02-06</subfield>
    <subfield code="y">BK</subfield>
  </datafield>
</record>
